000 00300nam a22001217a 4500
040 _cHS
082 _a632
110 _aJAPAN INTERNATIONAL COOPERATION AGENCY
245 _aMajor weeds in thailand
260 _aThailand
_bJAPAN INTERNATIONAL COOPERATION AGENCY
_c1984
300 _a142p.
942 _cEK
999 _c8818
_d8818